000 00853cab a2200241 4500
001 WB3311-13
008 090401t1998 xxu||||| |||| 00| 0 eng d
035 _a(Sirsi) u77116
041 _aeng
245 _aWelsh property market in an up-cycle
260 _c1998
350 _a0
490 _aWestern Mail
_v12 March 1998, B7
520 _aAccording to Cooke and Arkwright, the Welsh property market is at its most active since the 1980s property boom years. Graphs illustrating best rents for commercial offices and prime retail rents.
650 _aINDUSTRIAL MARKET
650 _aPROPERTY-COMMERCIAL PROPERTY-OFFICE PROPERTY-OFFICE PROPERTY MARKET
650 _aPROPERTY BOOM
650 _aRETAIL PROPERTY
650 _aWALES
690 _aPROPERTY-COMMERCIAL PROPERTY-COMMERCIAL PROPERTY MARKET
942 _n0
948 _c14/03/1997
999 _c48475
_d48475